Zvolen prelomil smolu s VKP extraliga volejbalistov - tretie zápasy semifinále a druhý zápas o 5. miesto

Bibliographic Details
Format: Article
Language:Slovak
PhysicalDescription:Fotogr., tab.
ISSN:0139-7001
Subjects:

MARC

LEADER 00000nab a2200000 a 4500
001 vtls000868972
003 SK-MaSNL
005 20260302160542.0
008 180206c2004 xo 0 slo
015 |a SNBRB2004/04-11400 
035 |a CLN000220524 
040 |a SNKBUCL  |b slo  |c SNKBUCL  |e AACR2 
041 0 |a slo 
044 |a xo  |c SK 
080 |a 796.325.093.1  |2 UDC-MRF-SK2 
245 0 0 |a Zvolen prelomil smolu s VKP  |b extraliga volejbalistov - tretie zápasy semifinále a druhý zápas o 5. miesto 
300 |b Fotogr., tab. 
650 0 7 |a volejbal  |x muži  |x Extraliga  |x semifinále  |y sezóna 2003/2004  |2 snkbucl  |9 856886 
655 7 |a články z novín a časopisov  |2 snkbucl  |9 267496 
773 0 |x 0139-7001  |t Šport  |g Roč. 58, č. 83 (8.4.2004), s. 44 
850 |a Slovenská národná knižnica v Martine 
852 |a SNK  |b KIS3GCP 
958 |a RBX 
999 |c 1374849  |d 1376779